| 000 | 00744nam a2200229 u 4500 | ||
|---|---|---|---|
| 005 | 20220519112640.0 | ||
| 008 | 101019s2006 r 000 0 eng d | ||
| 020 | _a8497542436 | ||
| 035 | _aUPN01000178234 | ||
| 049 | _aI | ||
| 050 | 4 |
_aQB501.3 _bT6.2 |
|
| 100 | 1 | _aTorok, Simon | |
| 245 | 1 | 4 |
_aLas 101 maravillas del sistema solar / _cSimon Torok, Paul Holper ; il. de Stephen Axelsen ; tr. Joan Carles Guix. |
| 260 |
_aBarcelona, Esp. : _bOniro, _c2006. |
||
| 300 |
_a92 p. : _bil. |
||
| 440 | 3 |
_aEl juego de la ciencia ; _v41 |
|
| 534 |
_pTÃtulo original: _t101 great solar |
||
| 650 | 2 |
_aSistema solar _918922 |
|
| 650 | 4 |
_aASTRONOMIA - _vLITERATURA INFANTIL _911353 |
|
| 700 | 1 |
_aHolper, Paul, _d1957- , _ecoaut. |
|
| 905 | _aInfantil | ||
| 999 |
_c150337 _d150337 |
||